000 03803nab a2200301 i 4500
003 BR-BrBNA
005 20250901120028.0
008 250901b2020 bl.qr|pooa||| 00| 0 eng |
040 _aBR-BrBNA
_beng
072 _aF30
100 _aGomes, Rafaelle F.
100 _aGonçalves, Viviane P.
100 _aArruda, Renata da S.
100 _aSantos, Lucas da S
245 _aMulticategorical descriptors for creole genotypes of Amazon chicory (Eryngium foetidum)
500 _a Publicação online; 12 ref.; Summaries (En, Pt)
520 _a ABSTRACT: The knowledge concerning genetic variability of creole genotypes by using morphological descriptors in species such as Amazon chicory is crucial to quantify local diversity and protect improved cultivars. Accordingly, this study aimed to propose multicategory leaf morphological descriptors for Amazon chicory species. To achieve that, an experiment was arranged in randomized block design with four repetitions. The treatments comprised eight creole genotypes of Amazon chicory, which were obtained from local producers’ collection. The proposed multi-categorical descriptors are based on limb shape, leaf apex shape, leaf base shape, leaf margin, bract consistency, and bract margin traits. Once the multicategorical clustered data were obtained, they were transformed into a dissimilarity matrix. The limb shape presents dissimilarity, being either lanceolate or spatulate; as well as for leaf margin, which can be dentate or serrate. Thus, both limb shape and leaf margin constitute important qualitative descriptors for genetic diversity assessment and conservation for Amazon chicory, besides a recommended tool to be exploited in breeding programs. Keywords: Pará chicory, landraces, genetic variability
520 _a RESUMO: Conhecer a variabilidade genética de genótipos crioulos, por meio do uso de descritores morfológicos em espécies como a chicória da Amazônia, é uma ferramenta imprescindível no processo de quantificação da diversidade de variedades locais e na proteção de cultivares melhoradas. Diante disso, objetivou-se propor descritores morfológicos multicategóricos foliares para a chicória da Amazônia. Para isso, foi realizado um experimento, utilizando o delineamento experimental em blocos ao acaso, com quatro repetições. Os tratamentos foram constituídos de oito genótipos crioulos de chicória da Amazônia, obtidos de coletas junto aos produtores. Os descritores multicategóricos propostos foram formato do limbo, formato do ápice foliar, formato da base foliar, tipo de margem foliar, consistência das brácteas e tipo de margem das brácteas. Após a obtenção dos dados multicategóricos em classes, os mesmos foram transformados em matriz de dissimilaridade. Observou-se que o formato do limbo apresentou variação, podendo ser do tipo lanceolado ou espatulado, assim como o tipo de margem foliar, que pode ser do tipo dentado ou serreado. Sendo assim, as características de formato do limbo e margens foliares se mostraram descritores qualitativos importantes na quantificação da diversidade genética, conservação e uso nos programas de melhoramento da chicória da Amazônia. Palavras-chave: Chicória do Pará, landraces, variabilidade genética.
650 _aCHICÓRIA
650 _aHORTALIÇA FOLHOSA
650 _aGENÓTIPO
650 _aVARIAÇÃO GENÉTICA
650 _aMELHORAMENTO VEGETAL
773 0 _01047
_9357515
_dBrasília-DF Sociedade de Olericultura do Brasil 1983
_o2025-5480
_tHorticultura Brasileira (Brazil)
_x0102-0536
_gv. 38(3) p. 334-338; (2020)
_w BR2025002833
856 _uhttps://www.scielo.br/j/hb/a/Frvsrfky6RrH8nhVKDxxsMC/?format=pdf&lang=en
942 _cANA
999 _c337926
_d337926